[Event "Match"]
[Site "www.echecsemail.com"]
[Date "2018.08.25"]
[Round "1"]
[White "Apdash"]
[Black "Silikon"]
[WhiteElo "1840"]
[BlackElo "1750"]
[Result "1-0"]
[Round "1"]
1.d4 d5
2.Ng1f3 Ng8f6
3.c4 Nb8c6
4.e3 Nf6e4
5.cxd5 Qd8xd5
6.Nb1c3 Qd5a5
7.Qd1c2 Bc8f5
8.Nf3h4 Ne4xf2
9.Qc2xf2 e6
10.Bf1b5 Bf8b4
11.Bb5xc6 bxc6
12.Bc1d2 Bf5d3
13.a3 Bb4xc3
14.Bd2xc3 Qa5h5
15.Kd2 Bd3c4
16.Ra1e1 O-O
17.Bc3b4 Rf8d8
18.Kc3 Bc4a6
19.Nh4f3 Qh5b5
20.Kc2 Qb5d3
21.Kc1 Ra8b8
22.Nf3e5 Qd3f5
23.Qf2xf5 exf5
24.Ne5xc6 Ba6b7
25.Nc6xb8 Rd8xb8
26.Rh1g1 Rb8d8
27.g4 f4
28.exf4 g6
29.Bb4c5 a5
30.Re1e7 { time. }
1-0

[Event "Fast Game"]
[Site "www.echecsemail.com"]
[Date "2018.08.25"]
[Round "1"]
[White "Dougbeer"]
[Black "Alekpax"]
[WhiteElo "2100"]
[BlackElo "2269"]
[Result "0-1"]
[Round "1"]
1.e4 e5
2.Ng1f3 Nb8c6
3.Bf1c4 Bf8c5
4.c3 Ng8f6
5.d4 exd4
6.e5 d5
7.Bc4b5 Nf6e4
8.cxd4 Bc5b6
9.Nb1c3 Bc8g4
10.Bc1e3 O-O
11.h3 Bg4h5
12.Qd1c2 Bh5xf3
13.gxf3 Ne4g5
14.O-O-O Ng5xf3
15.Bb5xc6 bxc6
16.Qc2f5 Nf3h4
17.Qf5g4 Nh4g6
18.f4 Qd8c8
19.f5 Ng6xe5
20.Qg4g3 Ne5c4
21.Be3h6 g6
22.fxg6 fxg6
23.Bh6xf8 Qc8xf8
24.Rh1f1 Qf8e7
25.Rf1f3 Ra8f8
26.Rf3xf8 Qe7xf8
27.Nc3a4 Qf8h6
28.Kb1 Qh6h5
29.Qg3g4 Qh5xg4
30.hxg4 Nc4e3
31.Rd1c1 Bb6xd4
32.Rc1xc6 Ne3xg4
33.Na4c3 g5
34.Nc3xd5 Kf7
35.Rc6xc7 Ke6
36.Nd5c3 h5
37.Kc2 Ng4e5
38.Nc3b5 Bd4b6
39.Rc7h7 h4
40.a4 Kf5
41.Nb5d6 Kg6
42.Rh7h8 Kg7
43.Rh8e8 Ne5g6
44.Re8e1 Kh6
45.Nd6f5 Kh5
46.a5 Bb6c7
47.Nf5g7 Kg4
48.b4 h3
49.Ng7e6 Bc7g3
50.Re1h1 Ng6f4
51.Ne6c5 Kf3
52.b5 g4
53.b6 axb6
54.a6 Nf4d5
55.a7 Nd5c7
56.Nc5d7 h2
57.Kd3 Kg2
58.Rh1c1 Nc7a8
59.Nd7f6 Bg3f4
60.Rc1c2 Kf3
61.Nf6e4 g3
{ resign }
0-1

[Event "Tourn. n9892"]
[Site "www.echecsemail.com"]
[Date "2018.08.26"]
[Round "1"]
[White "Szustan"]
[Black "Cathar"]
[WhiteElo "2590"]
[BlackElo "2410"]
[Result "1-0"]
[Round "1"]
1.e4 g6
2.d4 Bf8g7
3.Nb1c3 d6
4.f4 Ng8f6
5.Ng1f3 O-O
6.Bf1d3 Nb8c6
7.O-O e5
8.fxe5 dxe5
9.d5 Nc6e7
10.Nf3xe5 c6
11.Bc1g5 cxd5
12.exd5 Ne7xd5
13.Qd1f3 Qd8b6
14.Kh1 Bc8e6
15.Ra1e1 Qb6xb2
16.Nc3d1 Qb2xa2
17.c4 a5
18.cxd5 Be6xd5
19.Qf3h3 Nf6h5
20.Nd1c3 Qa2b2
21.Nc3xd5 { resign }
1-0

[Event "Match"]
[Site "www.echecsemail.com"]
[Date "2018.08.26"]
[Round "1"]
[White "Ff333"]
[Black "Alessiov"]
[WhiteElo "2180"]
[BlackElo "2260"]
[Result "0-1"]
[Round "1"]
1.e4 c5
2.Bf1c4 e6
3.Ng1f3 d6
4.O-O Nb8c6
5.a3 Ng8f6
6.d3 Bf8e7
7.Nb1c3 O-O
8.Bc1f4 a6
9.Nf3g5 d5
10.exd5 exd5
11.Bc4b3 Bc8g4
12.f3 Bg4c8
13.Rf1e1 Nf6h5
14.Qd1d2 Nh5xf4
15.Ng5xh7 Kxh7
16.Qd2xf4 Be7g5
17.Qf4a4 d4
18.Nc3e4 b5
19.Ne4xg5 Qd8xg5
20.h4 Qg5h6
21.Bb3d5 bxa4
{ resign }
0-1

[Event "Tourn. n9883"]
[Site "www.echecsemail.com"]
[Date "2018.08.26"]
[Round "1"]
[White "Cathar"]
[Black "Alekpax"]
[WhiteElo "2400"]
[BlackElo "2300"]
[Result "0-1"]
[Round "1"]
1.d4 Ng8f6
2.Bc1g5 d5
3.e3 c5
4.Bg5xf6 exf6
5.dxc5 Bf8xc5
6.c3 Bc8e6
7.Ng1f3 O-O
8.Nb1d2 Nb8c6
9.Bf1e2 Bc5d6
10.O-O Qd8c7
11.h3 Bd6e7
12.Nd2b3 Rf8d8
13.Nb3d4 Ra8c8
14.Qd1c2 g6
15.Ra1d1 Kg7
16.Nd4xc6 bxc6
17.c4 Be7d6
18.Nf3d4 Bd6h2
19.Kh1 Bh2e5
20.c5 f5
21.f4 Be5f6
22.g4 Qc7e7
23.g5 Bf6xd4
24.Rd1xd4 h6
25.h4 hxg5
26.hxg5 Rd8h8
27.Kg2 f6
28.Qc2c3 fxg5
29.Rd4d1 Kf7
30.Rf1h1 Rh8h4
31.Rh1xh4 gxh4
32.Kh3 g5
{ resign }
0-1

[Event "Tourn. n9869"]
[Site "www.echecsemail.com"]
[Date "2018.08.26"]
[Round "1"]
[White "Passaroa25"]
[Black "Reda"]
[WhiteElo "1680"]
[BlackElo "1760"]
[Result "1-0"]
[Round "1"]
1.Nb1c3 d5
2.d4 Bc8f5
3.Ng1f3 Nb8c6
4.e3 e6
5.Bf1e2 Nc6b4
6.Be2d3 Bf5xd3
7.cxd3 Bf8d6
8.Nf3e5 Bd6xe5
9.dxe5 Ng8e7
10.d4 O-O
11.a3 Nb4c6
12.O-O Ne7g6
13.g3 f6
14.f4 f5
15.Bc1d2 h5
16.Qd1xh5 Kf7
17.Qh5d1 Rf8h8
18.Rf1f2 Nc6a5
19.Nc3a4 Na5b3
20.Ra1b1 Nb3xd2
21.Rf2xd2 Qd8d7
22.Na4c5 Qd7c8
23.Nc5d3 c6
24.b4 b5
25.Nd3c5  { time }
1-0

[Event "Match"]
[Site "www.echecsemail.com"]
[Date "2018.08.26"]
[Round "1"]
[White "Lcbunghai"]
[Black "Hundegana"]
[WhiteElo "2150"]
[BlackElo "2100"]
[Result "1-0"]
[Round "1"]
1.e4 c5
2.Ng1f3 e6
3.d4 cxd4
4.Qd1xd4 Nb8c6
5.Qd4d1 Ng8f6
6.Bf1d3 Bf8c5
7.O-O O-O
8.e5 Nf6d5
9.c3 f6
10.exf6 Nd5xf6
11.Qd1c2 d5
12.Bc1g5 h6
13.Bg5h4 g5
14.Bh4g3 Qd8e7
15.Nf3e5 Nc6xe5
16.Bg3xe5 Nf6e4
17.Bd3xe4 dxe4
18.Qc2xe4 Qe7f7
19.Be5d4 Bc5xd4
20.Qe4xd4 Bc8d7
21.Nb1a3 b6
22.Na3c4 Qf7g7
23.Qd4xg7 Kxg7
24.Nc4e5 Bd7b5
25.Rf1e1 Ra8d8
26.Ra1d1 Rd8xd1
27.Re1xd1 Rf8f5
28.Rd1e1 Kf6
29.Ne5g4 Kg7
30.Re1xe6 h5
31.Ng4e3 Rf5f7
32.Re6e5 Bb5d3
33.Re5xg5 Kh6
34.Rg5d5 Bd3g6
35.Rd5d6 Kg7
36.h3 Kh7
37.a3 Rf7c7
38.Ne3d5 Rc7f7
39.Rd6d7 Kg7
40.Rd7xf7 Kxf7
41.Nd5f4 Bg6f5
42.Nf4xh5 Ke7
43.g4 Bf5c2
44.Kh2 a5
45.Kg3 Ke6
46.Nh5f4 Kd6
47.b4 axb4
48.axb4 Ke5
49.g5 Kf5
50.h4 b5
51.f3 Bc2b1
52.Nf4e2 Ke5
53.Ne2d4 Bb1d3
54.h5 Kd5
55.g6 Kc4
56.g7 Bd3h7
57.Nd4xb5 Kxb5
58.Kf4 Kc4
59.Ke5 Kxc3
60.b5 Kc4
61.b6 Kb5
62.b7 Kc4
63.b8Q Kd3
64.Qb8b1 Ke3
65.Qb1xh7 Kxf3
66.g8Q Kf2
67.Qh7c2 Kf3
68.Qg8g2 Ke3
69.Qg2e2 { resign }
1-0

[Event "Tourn. n9854"]
[Site "www.echecsemail.com"]
[Date "2018.08.26"]
[Round "1"]
[White "Reda"]
[Black "Yakke"]
[WhiteElo "1710"]
[BlackElo "1770"]
[Result "0-1"]
[Round "1"]
1.d4 c5
2.d5 e5
3.Nb1c3 a6
4.e4 Ng8f6
5.Bc1g5 Bf8e7
6.Bg5xf6 Be7xf6
7.f3 O-O
8.d6 Qd8b6
9.Ra1b1 Nb8c6
10.Ng1e2 Qb6a5
11.Qd1d2 b5
12.a3 Qa5b6
13.Ne2g3 g6
14.Nc3d5 Qb6b8
15.b3 Qb8xd6
16.Nd5b6 Qd6xd2
17.Kxd2 Ra8b8
18.Nb6d5 Bf6g5
19.Kd3 Bg5f4
20.Nd5xf4 exf4
21.Ng3e2 Nc6e5
 { time }
0-1

[Event "Tourn. n9921"]
[Site "www.echecsemail.com"]
[Date "2018.08.26"]
[Round "1"]
[White "Fantomas"]
[Black "Ll69"]
[WhiteElo "2140"]
[BlackElo "2240"]
[Result "0-1"]
[Round "1"]
1.b3 d5
2.Bc1b2 Bc8g4
3.g3 Ng8f6
4.Bf1g2 Nb8c6
5.Ng1f3 e6
6.h3 Bg4h5
7.c3 Bf8e7
8.O-O O-O
9.d3 a5
10.a4 Nf6d7
11.Qd1d2 e5
12.Nf3h2 Nd7c5
13.Qd2c2 f5
14.e4 fxe4
15.dxe4 Nc5xe4
16.Bg2xe4 dxe4
17.Qc2xe4 Bh5g6
18.Qe4e3 Qd8d7
19.g4 Qd7e6
20.c4 Ra8d8
21.f4 Rd8d3
22.f5 Rd3xe3
23.fxe6 Re3g3
{ resign }
0-1

[Event "Match"]
[Site "www.echecsemail.com"]
[Date "2018.08.26"]
[Round "1"]
[White "Llord"]
[Black "Gilliere"]
[WhiteElo "1920"]
[BlackElo "1980"]
[Result "1-0"]
[Round "1"]
1.e4 c5
2.Bf1c4 Nb8c6
3.Ng1f3 Ng8f6
4.Nb1c3 Nf6xe4
5.Nc3xe4 d5
6.Bc4xd5 Qd8xd5
7.d3 h6
8.O-O Bc8g4
9.h3 Bg4h5
10.Ne4g3 Bh5xf3
11.Qd1xf3 Qd5xf3
12.gxf3 e6
13.Ng3e4 O-O-O
14.a4 Rh8g8
15.a5 a6
16.Bc1e3 Bf8e7
17.Ne4xc5 Be7xc5
18.Be3xc5 Rd8d5
19.Bc5b6 Rd5f5
20.Kg2 Nc6e5
21.Ra1a3 Ne5xf3
22.d4 Nf3g5
23.Ra3c3 Kb8
24.Rf1d1 Rg8c8
25.Bb6a7 Kxa7
26.Rc3xc8 Ng5e4
27.f3 Rf5g5
28.Kh2 Rg5g3
29.d5 exd5
30.Rd1xd5 Rg3xf3
31.Rd5d8 Rf3f2
32.Kg1 b5
33.Rd8d7 
1-0

[Event "Tourn. n9898"]
[Site "www.echecsemail.com"]
[Date "2018.08.26"]
[Round "1"]
[White "Sbb"]
[Black "Coolant"]
[WhiteElo "2720"]
[BlackElo "2350"]
[Result "0-1"]
[Round "1"]
1.d4 Ng8f6
2.c4 e5
3.dxe5 Nf6g4
4.Bc1f4 Bf8b4
5.Nb1d2 Nb8c6
6.Ng1f3 Qd8e7
7.a3 Bb4xd2
8.Qd1xd2 Ng4xe5
9.Nf3xe5 Nc6xe5
10.c5 O-O
11.e3 Rf8e8
12.Ra1c1 d6
13.cxd6 cxd6
14.Bf1b5 Re8d8
15.O-O a6
16.Bb5e2 Bc8e6
17.Rf1d1 { time. }
0-1

[Event "Match"]
[Site "www.echecsemail.com"]
[Date "2018.08.26"]
[Round "1"]
[White "Lug47"]
[Black "Minorsana"]
[WhiteElo "1560"]
[BlackElo "1459"]
[Result "0-1"]
[Round "1"]
1.d3 d5
2.e4 dxe4
3.h3 Ng8f6
4.Nb1c3 exd3
5.cxd3 c5
6.d4 cxd4
7.Ng1f3 dxc3
8.bxc3 Qd8xd1
9.Kxd1 Nf6e4
10.Ra1b1 Ne4xf2
11.Ke1 Nf2xh1
12.Bf1b5 Bc8d7
13.Bb5c4 f6
14.Rb1xb7 Bd7c6
15.Rb7b6 axb6
16.Nf3d4 Bc6xg2
17.Nd4f5 Bg2xh3
18.Bc4b5 Nb8d7
19.Bc1a3 Bh3xf5
20.c4 Ra8xa3
{ resign }
0-1

[Event "Match"]
[Site "www.echecsemail.com"]
[Date "2018.08.26"]
[Round "1"]
[White "Minorsana"]
[Black "Apdash"]
[WhiteElo "1599"]
[BlackElo "2110"]
[Result "1-0"]
[Round "1"]
1.e4 e5
2.Ng1f3 Nb8c6
3.Bf1b5 Ng8e7
4.O-O a6
5.Bb5a4 d6
6.c3 Bc8g4
7.d4 b5
8.Ba4b3 Qd8d7
9.a4 bxa4
10.Bb3xa4 d5
11.Rf1e1 Ne7g6
12.h3 dxe4
13.hxg4 exf3
14.Qd1xf3 Bf8e7
15.Ba4xc6 { resign }
1-0

[Event "Tourn. n9906"]
[Site "www.echecsemail.com"]
[Date "2018.08.26"]
[Round "1"]
[White "Numanoid"]
[Black "Cathar"]
[WhiteElo "2540"]
[BlackElo "2420"]
[Result "1-0"]
[Round "1"]
1.e4 e5
2.Ng1f3 Nb8c6
3.d4 exd4
4.Nf3xd4 Ng8f6
5.Nd4xc6 bxc6
6.e5 Qd8e7
7.Qd1e2 Nf6d5
8.h4 Qe7e6
9.g3 Nd5b4
10.Bf1h3 Qe6d5
11.O-O Bc8a6
12.Qe2d1 Ba6xf1
13.Qd1xf1 Qd5xe5
14.Nb1c3 O-O-O
15.Bc1f4 Qe5a5
16.a3 Nb4d5
17.Nc3xd5 cxd5
18.Ra1d1 c6
19.Rd1d3 { resign }
1-0

[Event "Match"]
[Site "www.echecsemail.com"]
[Date "2018.08.26"]
[Round "1"]
[White "Mitja"]
[Black "Bojan"]
[WhiteElo "1970"]
[BlackElo "2060"]
[Result "0-1"]
[Round "1"]
1.d4 Ng8f6
2.e3 c6
3.c3 e6
4.b3 Nf6e4
5.Nb1d2 d5
6.Bc1b2 Qd8f6
7.Ng1f3 Bf8d6
8.Qd1c2 Ne4xd2
9.Qc2xd2 Nb8d7
10.Bf1e2 a6
11.h3 c5
12.dxc5 Bd6xc5
13.O-O Qf6h6
14.Rf1d1 f6
15.Nf3h2 Nd7e5
16.Qd2c2 g5
17.c4 dxc4
18.Be2xc4 b6
19.a4 Bc8d7
20.Qc2e4 Bd7c6
21.Qe4c2 Ne5xc4
22.Qc2xc4 Bc6d5
23.Qc4c3 O-O
24.Nh2g4 Qh6g6
25.b4 Bc5e7
26.Ra1c1 h5
27.Ng4h2 Be7d6
28.Nh2f1 Bd6e5
29.Qc3d2 Be5d6
30.Bb2d4 g4
31.hxg4 Qg6xg4
32.f4 Bd6xb4
33.Qd2b2 Bb4a3
34.Qb2f2 Ba3xc1
35.Rd1xc1 b5
36.a5 e5
37.Bd4c5 Rf8f7
38.Nf1h2 Qg4g6
39.fxe5 fxe5
40.Qf2d2 Qg6e4
41.Rc1d1 Ra8d8
42.Nh2f3 Rf7xf3
43.gxf3 Qe4xf3
44.e4 Qf3xe4
45.Qd2g5 Kh7
46.Qg5xh5 Kg7
47.Rd1d2 Qe4e1
{ resign }
0-1

[Event "Tourn. n9860"]
[Site "www.echecsemail.com"]
[Date "2018.08.26"]
[Round "1"]
[White "Estonia"]
[Black "Amaya"]
[WhiteElo "2000"]
[BlackElo "2160"]
[Result "1-0"]
[Round "1"]
1.c4 Ng8f6
2.Nb1c3 g6
3.d4 Bf8g7
4.Ng1f3 O-O
5.e4 d6
6.Bf1e2 Nb8d7
7.O-O e5
8.d5 Nd7c5
9.Qd1c2 h6
10.b4 Nc5d7
11.Bc1b2 Nd7b6
12.c5 dxc5
13.bxc5 Nb6d7
14.Bb2a3 Rf8e8
15.Ra1b1 a6
16.Rf1d1 Nf6h5
17.c6 Nd7b6
18.cxb7 Bc8xb7
19.Nc3a4 Ra8c8
20.Na4xb6 cxb6
21.Qc2b3 b5
22.g3 Nh5f6
23.Nf3d2 Qd8d7
24.Kg2 Nf6h7
25.Rb1c1 Nh7g5
26.h4 Qd7h3
27.Kg1 Qh3d7
28.hxg5 hxg5
29.Nd2f3 Bg7f6
30.Kg2 Kg7
31.Rc1xc8 Re8xc8
32.Ba3c1 Rc8h8
33.Nf3g1 Bb7c8
34.Bc1a3 g4
35.Qb3b4 Qd7d8
36.Ba3b2 Qd8b6
37.a4 Qb6d8
38.axb5 axb5
39.Qb4xb5 Qd8g8
40.d6 Qg8h7
41.d7 Qh7h1
42.Kf1 Rh8h2
43.dxc8Q Qh1g2
44.Ke1 Qg2xg1
45.Kd2 Qg1xf2
46.Qc8xg4 { resign }
1-0

[Event "1/64 Finale"]
[Site "www.chess-mail.com"]
[Date "2018.08.26"]
[Round "1"]
[White "Piriot"]
[Black "Cal"]
[WhiteElo "2370"]
[BlackElo "1690"]
[Result "1-0"]
[Round "1"]
1.b4 e5
2.Bc1b2 d6
3.c4 Ng8f6
4.e3 h6
5.Ng1f3 Bc8g4
6.Bf1e2 Bf8e7
7.O-O Nb8c6
8.a3 a6
9.d4 Bg4xf3
10.Be2xf3 e4
11.Bf3e2 O-O
12.Nb1c3 b6
13.Qd1c2 Nf6h7
14.Nc3d5 Be7g5
15.Rf1c1 Qd8d7
16.h3 f5
17.Be2h5 Nc6e7
18.Nd5xe7 Qd7xe7
19.d5 c6
20.Qc2b3 Nh7f6
21.Bb2xf6 Bg5xf6
22.Ra1a2 c5
23.f3 exf3
24.Bh5xf3 Bf6g5
25.Ra2e2 b5
26.bxc5 dxc5
27.d6 Qe7xd6
28.Bf3xa8 Rf8xa8
29.Rc1d1 Qd6e6
30.Rd1d5 f4
31.cxb5 a5
32.Rd5d8 Ra8xd8
33.Qb3xe6 Kh8
34.exf4 Bg5f6
35.Kh2 Rd8f8
36.b6 Bf6d4
37.b7 c4
38.Qe6d6 Rf8f7
39.b8Q Kh7
40.Qd6xd4 Rf7xf4
41.Qd4xf4 { resign }
1-0

[Event "1/64 Finale"]
[Site "www.chess-mail.com"]
[Date "2018.08.26"]
[Round "1"]
[White "Redapond1"]
[Black "Vasylpuzanov"]
[WhiteElo "1380"]
[BlackElo "1370"]
[Result "1-0"]
[Round "1"]
1.d4 d5
2.Bc1f4 Ng8f6
3.Nb1c3 Bc8f5
4.Nc3b5 Nb8a6
5.e3 c6
6.Nb5c3 Na6c7
7.Bf1d3 Bf5g6
8.Ng1f3  { time }
1-0

[Event "1/32 Finale"]
[Site "www.chess-mail.com"]
[Date "2018.08.26"]
[Round "1"]
[White "Szustan"]
[Black "Mitja"]
[WhiteElo "2560"]
[BlackElo "1990"]
[Result "1-0"]
[Round "1"]
1.e4 d5
2.exd5 Qd8xd5
3.Nb1c3 Qd5d8
4.d4 e6
5.Ng1f3 c6
6.Bf1d3 h6
7.O-O Ng8f6
8.Nf3e5 Nb8d7
9.Ne5g6 fxg6
10.Bd3xg6 Ke7
11.Qd1d3 Nd7b6
12.Nc3e2 Kd7
13.c4 Qd8e7
14.Ne2f4 Kd8
15.Bc1d2 Bc8d7
16.Rf1e1 Kc8
17.Nf4xe6 Bd7xe6
18.d5 Nf6xd5
19.Re1xe6 Qe7d8
20.Re6e8 { resign }
1-0

[Event "Tourn. n9774"]
[Site "www.chess-mail.com"]
[Date "2018.08.27"]
[Round "1"]
[White "Virgil08bv"]
[Black "Conde7"]
[WhiteElo "2429"]
[BlackElo "2860"]
[Result "0-1"]
[Round "1"]
1.e4 c5
2.Ng1f3 d6
3.d4 cxd4
4.Nf3xd4 Ng8f6
5.Nb1c3 a6
6.Bc1e3 e5
7.Nd4f3 Bf8e7
8.Bf1c4 O-O
9.O-O Bc8e6
10.Qd1e2 b5
11.Bc4b3 Qd8c7
12.Rf1d1 Nb8d7
13.Be3g5 b4
14.Nc3d5 Be6xd5
15.Bg5xf6 Nd7xf6
16.exd5 a5
17.Bb3a4 Ra8b8
18.Ba4c6 Nf6d7
19.Nf3d4 Nd7c5
20.Nd4b5 Qc7b6
21.b3 f5
22.a3 Nc5e4
23.axb4 axb4
24.Rd1f1 Be7d8
25.Kh1 Qb6c5
26.f3 Ne4c3
27.Nb5xc3 Qc5xc3
28.Ra1a7 Bd8b6
29.Ra7d7 Rb8d8
30.Qe2a6 Bb6c5
31.Rd7e7 Rd8b8
32.Qa6d3 Qc3xd3
33.cxd3 Rf8f7
34.Re7e6 Rf7a7
35.Bc6a4 Ra7xa4
36.bxa4 b3
37.Rf1b1 b2
38.g3 Bc5a3
39.a5 Rb8a8
40.Re6e7 Ra8xa5
41.Re7c7 Ra5xd5
42.Rc7c3 Rd5a5
43.Kg2 Kf7
44.Kf1 Ke6
45.Rc3c7 h5
46.Ke2 g5
47.h3 Ra5a8
48.Kd2 Kd5
49.g4 hxg4
50.hxg4 f4
51.Rc7c4 Ra8h8
52.Rc4a4 Rh8h2
53.Kc3 Ba3c5
54.Rb1xb2 Bc5d4
55.Ra4xd4 exd4
56.Kb3 Rh2h3
57.Rb2a2 Ke6
58.Ra2f2 d5
59.Rf2e2 Kd6
60.Re2f2 Kc5
61.Rf2c2 Kb5
62.Rc2f2 Rh3h1
63.Kb2 Kb4
64.Kc2 Rh1a1
65.Kb2 Ra1d1
66.Kc2 Rd1a1
67.Kb2 Ra1h1
68.Kc2 Ka3
69.Rf2e2 Rh1a1
70.Re2e5 Ra1a2
71.Kd1 Kb4
72.Re5xd5 Kc3
73.Rd5xg5 Kxd3
74.Ke1 Ke3
75.Rg5e5 Kxf3
76.g5 Ra2g2
77.Kf1 Rg2g4
78.Ke1 Kg3
79.Re5e4 Rg4xg5
80.Re4xd4 f3
81.Rd4d7 Kg2
82.Rd7f7 Rg5e5
83.Kd1 f2
84.Rf7g7 Kf1
85.Kd2 Re5h5
{ resign }
0-1

[Event "Tourn. n9909"]
[Site "www.echecsemail.com"]
[Date "2018.08.27"]
[Round "1"]
[White "Madz123456"]
[Black "Cal"]
[WhiteElo "1660"]
[BlackElo "1730"]
[Result "1-0"]
[Round "1"]
1.e4 e5
2.Ng1f3 d6
3.d4 exd4
4.Nf3xd4 c5
5.Nd4e2 h6
6.f3 Nb8c6
7.Nb1c3 Nc6e5
8.Bc1e3 Ng8f6
9.Ne2f4 Bf8e7
10.Qd1d2 a6
11.O-O-O b5
12.Nc3d5 O-O
13.Nd5xe7 Qd8xe7
14.Qd2xd6 Qe7xd6
15.Rd1xd6 Bc8b7
16.Be3xc5 Ne5c4
17.Rd6xf6 gxf6
18.Bc5xf8 Ra8xf8
19.Bf1xc4 bxc4
20.Rh1d1 a5
21.Rd1d6 Kg7
22.Nf4h5 Kg6
23.Nh5xf6 Bb7c8
24.Nf6d7 Kg7
25.Nd7xf8 Bc8b7
26.Nf8d7 h5
27.Nd7c5 Bb7c8
28.a4 { resign }
1-0

[Event "Tourn. n9848"]
[Site "www.echecsemail.com"]
[Date "2018.08.27"]
[Round "1"]
[White "Alvarin111"]
[Black "Fabos12"]
[WhiteElo "1970"]
[BlackElo "1930"]
[Result "0-1"]
[Round "1"]
1.e4 e6
2.Ng1f3 d5
3.d3 Bf8d6
4.Bc1e3 Nb8c6
5.a3 Bc8d7
6.c3 Qd8e7
7.Qd1c2 a5
8.Bf1e2 Ng8f6
9.Nb1d2 Nf6g4
10.h3 Ng4xe3
11.fxe3 O-O
12.O-O Nc6d8
13.e5 Bd6c5
14.d4 Bc5b6
15.Be2d3 h6
16.Ra1e1 c5
17.b3 Bb6a7
18.c4 b6
 { time }
0-1

[Event "Tourn. n9916"]
[Site "www.echecsemail.com"]
[Date "2018.08.27"]
[Round "1"]
[White "Cal"]
[Black "Paes19"]
[WhiteElo "1710"]
[BlackElo "1900"]
[Result "1-0"]
[Round "1"]
1.c4 e6
2.Nb1c3 a6
3.e4 Bf8c5
4.Ng1f3 Nb8c6
5.d4 Bc5a7
6.Bc1e3 Ng8f6
7.Bf1d3 d6
8.h3  { time }
1-0

[Event "Tourn. n9877"]
[Site "www.echecsemail.com"]
[Date "2018.08.27"]
[Round "1"]
[White "Scasan55"]
[Black "Grischuk2789"]
[WhiteElo "1870"]
[BlackElo "1809"]
[Result "0-1"]
[Round "1"]
1.e4 g6
2.Bf1c4 Bf8g7
3.d4 d6
4.Ng1f3 Nb8c6
5.h3 Ng8f6
6.Nb1c3 Nf6xe4
7.Nc3xe4 d5
8.Bc4xd5 Qd8xd5
9.Ne4c3 Qd5a5
10.Bc1e3 Bc8f5
11.O-O Nc6b4
12.Ra1c1 Nb4xa2
13.Rc1a1 Na2xc3
14.Ra1xa5 Nc3xd1
15.Rf1xd1 Bf5e4
16.Nf3e5 h5
17.c3 f6
18.f3 Be4c2
19.Rd1c1 Bc2f5
20.Ne5c4 Kf7
21.Be3f4 b6
22.Ra5a1 a5
23.Nc4e3 e5
24.Ne3xf5 exf4
25.Nf5xg7 Kxg7
26.Rc1e1 Rh8e8
27.Kf2 Kf7
28.Re1e4 Re8xe4
29.fxe4 g5
30.Kf3 h4
31.Ra1e1 a4
32.Re1a1 c6
33.c4 b5
34.cxb5 cxb5
35.Ke2 Ra8c8
36.Ra1d1 Rc8c2
37.Rd1d2 Rc2xd2
38.Kxd2 b4
39.Kc2 a3
40.bxa3 bxa3
41.Kb3 g4
42.Kxa3 f3
{ resign }
0-1

[Event "Match"]
[Site "www.echecsemail.com"]
[Date "2018.08.27"]
[Round "1"]
[White "Bojan"]
[Black "Mitja"]
[WhiteElo "2060"]
[BlackElo "1970"]
[Result "0-1"]
[Round "1"]
1.e4 d5
2.exd5 Qd8xd5
3.Nb1c3 Qd5d8
4.Qd1f3 e6
5.Bf1c4 c6
6.d3 g6
7.Nc3e4 Bf8g7
8.c3 Ng8f6
9.Bc1f4 Nf6xe4
10.dxe4 O-O
11.Ra1d1 Qd8b6
12.Bc4b3 Nb8a6
13.Rd1d2 Rf8d8
14.Bf4e3 Qb6c7
15.Ng1e2 b6
16.Bb3c2 Bc8b7
17.O-O Rd8xd2
18.Be3xd2 Na6c5
19.Bd2g5 Nc5d7
20.h4 h6
21.Bg5f4 Qc7d8
22.h5 g5
23.Bf4e3 c5
24.Qf3g3 Kh8
25.f4 gxf4
26.Be3xf4 f6
27.Rf1d1 Qd8e8
28.Qg3h3 Ra8d8
29.Rd1d6 e5
30.Bf4e3 Qe8e7
31.Rd6e6 Qe7f7
32.Bc2b3 Qf7f8
33.Qh3f5 Bb7c8
34.Re6d6 Qf8xd6
35.Bb3c2 Nd7f8
36.Qf5f3 a5
37.a4 Qd6e6
38.Ne2c1 Qe6g4
39.Nc1e2 Qg4xf3
40.gxf3 Nf8e6
41.Kf2 Ne6f4
42.Ne2xf4 exf4
43.Be3xf4 Bc8a6
44.Ke3 Kg8
45.Bf4c7 Rd8e8
46.Bc7xb6 Re8b8
47.Bb6xc5 Rb8xb2
48.Bc2d1 Bg7f8
49.Bc5d4 Kg7
50.c4 Rb2b8
51.Kd3 Rb8d8
52.Kc3 Bf8b4
53.Kd3 Bb4c5
{ resign }
0-1

[Event "Tourn. n9889"]
[Site "www.echecsemail.com"]
[Date "2018.08.27"]
[Round "1"]
[White "Hundegana"]
[Black "Bojan"]
[WhiteElo "2100"]
[BlackElo "2030"]
[Result "0-1"]
[Round "1"]
1.d4 d5
2.b4 Bc8d7
3.c3 Bd7b5
4.a4 Bb5d7
5.Ng1f3 f6
6.e3 c6
7.Nf3h4 Bd7e6
8.Qd1h5 Be6f7
9.Qh5e2 e6
10.Bc1d2 e5
11.g3 Nb8d7
12.Bf1h3 Ng8e7
13.Nb1a3 a6
14.e4 Qd8c7
15.O-O Ne7g6
16.Nh4f5 dxe4
17.Qe2xe4 Ng6e7
18.Nf5xe7 Bf8xe7
19.Ra1d1 Bf7d5
20.Qe4g4 g6
21.c4 Bd5f7
22.b5 axb5
23.cxb5 Be7xa3
24.bxc6 Qc7xc6
25.Bh3g2 Qc6c7
26.Bd2h6 Ra8xa4
27.Rf1e1 f5
28.Qg4e2 Bf7c4
29.Qe2c2 b5
30.dxe5 Kf7
31.Rd1xd7 Qc7xd7
32.e6 Bc4xe6
33.Re1d1 Ra4d4
34.Rd1xd4 Qd7xd4
35.Qc2c7 Qd4d7
36.Qc7c3 Ba3f8
37.Qc3xh8 Bf8xh6
38.Qh8xh7 Bh6g7
39.Qh7h4 Qd7d1
40.Bg2f1 Qd1d5
41.Qh4f4 Bg7e5
42.Qf4c1 b4
43.Qc1b1 b3
44.Bf1d3 b2
45.h3 Qd5d4
46.g4 Qd4f4
47.Kf1 Be6c4
48.Bd3xc4 Qf4xc4
49.Kg2 Qc4e4
50.Qb1xe4 fxe4
51.Kh1 b1Q
52.Kg2 Qb1c2
53.h4 e3
54.h5 Qc2xf2
55.Kh3 Qf2g3

0-1

[Event "Match"]
[Site "www.echecsemail.com"]
[Date "2018.08.27"]
[Round "1"]
[White "Calmriver"]
[Black "Krystek23"]
[WhiteElo "1550"]
[BlackElo "2520"]
[Result "0-1"]
[Round "1"]
1.d4 Ng8f6
2.c4 g6
3.f3 Bf8g7
4.Nb1c3 d6
5.e4 O-O
6.Bc1g5 Nb8d7
7.Qd1d2 c5
8.Ng1e2 a6
9.O-O-O b5
10.dxc5 Nd7xc5
11.e5 Nf6e8
12.exd6 Ne8xd6
13.Qd2d5 Nc5b7
14.c5 Bc8e6
15.Bg5xe7 Qd8xe7
16.cxd6 Qe7d7
17.Qd5g5 b4
18.Nc3e4 Ra8c8
19.Kb1 Be6xa2
20.Kxa2 Qd7a4
21.Kb1 Qa4xd1
22.Ka2 b3
{ resign }
0-1

[Event "Tourn. n9913"]
[Site "www.echecsemail.com"]
[Date "2018.08.27"]
[Round "1"]
[White "Madz123456"]
[Black "Cal"]
[WhiteElo "1690"]
[BlackElo "1690"]
[Result "1-0"]
[Round "1"]
1.e4 e5
2.Ng1f3 d6
3.d4 exd4
4.Qd1xd4 h6
5.Nb1c3 Nb8c6
6.Bf1b5 Bc8d7
7.Bb5xc6 Bd7xc6
8.O-O Ng8f6
9.e5 dxe5
10.Qd4xe5 Bf8e7
11.Rf1d1 Nf6d7
12.Qe5xg7 Be7f6
13.Rd1e1 Nd7e5
14.Re1xe5 Bf6xe5
15.Nf3xe5 Rh8f8
16.Bc1xh6 Ke7
17.Ra1e1 Qd8d2
18.Bh6xd2 Kd6
19.b4 b5
20.Qg7f6 { resign }
1-0

[Event "Match"]
[Site "www.echecsemail.com"]
[Date "2018.08.27"]
[Round "1"]
[White "Pariolinius"]
[Black "Babedad"]
[WhiteElo "1760"]
[BlackElo "2180"]
[Result "0-1"]
[Round "1"]
1.c4 Ng8f6
2.g3 g6
3.Bf1g2 Bf8g7
4.Nb1c3 O-O
5.Ng1f3 d6
6.O-O Nb8d7
7.d3 Rf8e8
8.Bc1g5 h6
9.Bg5d2 e5
10.b4 Nf6h5
11.Qd1c2 f5
12.Ra1b1 Nh5f6
13.h3 c6
14.Qc2c1 Kh7
15.a4 a6
16.Qc1b2 Ra8b8
17.Qb2a2 Qd8c7
18.Rf1e1 g5
19.e4 f4
20.g4 Nd7f8
21.b5 Nf8d7
22.a5 Nd7c5
23.b6 Qc7f7
24.Bg2f1 Bc8xg4
25.hxg4 Nf6xg4
26.Bf1h3 Qf7h5
27.Kg2 Nc5xd3
28.Re1f1 Nd3xf2
29.Rf1xf2 Ng4xf2
30.Kxf2 Qh5xh3
31.Rb1g1 g4
{ resign }
0-1

[Event "Tourn. n9881"]
[Site "www.echecsemail.com"]
[Date "2018.08.27"]
[Round "1"]
[White "Apdash"]
[Black "Julian"]
[WhiteElo "1840"]
[BlackElo "1820"]
[Result "1-0"]
[Round "1"]
1.e4 e5
2.Ng1f3 Nb8c6
3.Bf1c4 Ng8f6
4.d3 d5
5.exd5 Nf6xd5
6.O-O Bc8e6
7.Rf1e1 Bf8d6
8.Nf3g5 O-O
9.Qd1f3 Nc6d4
10.Qf3d1 b5
11.Ng5xe6 fxe6
12.Bc4xd5 exd5
13.c3 Nd4e6
14.Qd1g4 Ne6f4
15.Re1e3 Qd8f6
16.f3 e4
17.dxe4 dxe4
18.Re3xe4 Nf4g6
19.Bc1g5 Qf6f7
20.Nb1d2 Ra8e8
21.Ra1e1 Re8xe4
22.Re1xe4 Ng6e5
23.Qg4h4 Qf7xa2
24.Qh4f2 Ne5d3
25.Qf2d4 Qa2a1
26.Nd2f1 Bd6c5
27.Qd4xc5 Nd3xc5
28.Re4e2 Nc5d3
{ time. }
1-0

[Event "Match"]
[Site "www.echecsemail.com"]
[Date "2018.08.27"]
[Round "1"]
[White "Apdash"]
[Black "Alessiov"]
[WhiteElo "1990"]
[BlackElo "2260"]
[Result "0-1"]
[Round "1"]
1.d4 d5
2.Ng1f3 Ng8f6
3.c4 e6
4.cxd5 exd5
5.Nb1c3 c6
6.Bc1g5 Bc8f5
7.Nf3h4 Bf5e6
8.e4 dxe4
9.Nc3xe4 Qd8d5
10.Ne4xf6 gxf6
11.Bg5e3 Bf8b4
12.Be3d2 Qd5e4
13.Bf1e2 Bb4xd2
14.Qd1xd2 Qe4xh4
15.Ra1d1 Nb8d7
16.b4 Be6d5
17.Qd2e3 Kf8
18.O-O Ra8e8
19.Qe3d3 Nd7b6
20.Be2f3 Bd5c4
21.Qd3a3 Bc4xf1
22.Rd1xf1 Kg7
23.Qa3xa7 Nb6c4
24.g3 Qh4h3
25.Bf3g2 Qh3f5
26.Qa7xb7 Nc4d2
27.Rf1d1 Re8e2
28.Qb7xc6 Qf5xf2
29.Kh1 Re2e1
{ resign }
0-1

[Event "Tourn. n9886"]
[Site "www.echecsemail.com"]
[Date "2018.08.27"]
[Round "1"]
[White "Kuriero"]
[Black "Osopanda"]
[WhiteElo "1749"]
[BlackElo "1830"]
[Result "1-0"]
[Round "1"]
1.d4 d5
2.c4 c6
3.Ng1f3 Ng8f6
4.Nb1c3 Bc8g4
5.Nf3e5 Bg4h5
6.Qd1b3 Qd8c7
7.cxd5 Nf6xd5
8.Nc3xd5 cxd5
9.Qb3xd5 Bh5g6
10.Bc1f4 e6
11.Qd5b5 Nb8c6
12.Ne5xc6 bxc6
13.Bf4xc7 cxb5
14.Bc7a5 Bf8d6
15.e3 O-O
16.Kd2 Ra8c8
17.Bf1d3 Bg6xd3
18.Kxd3 a6
19.Ra1c1 b4
20.Ba5b6 f5
21.Bb6c5 Bd6xc5
22.Rc1xc5 Rf8d8
23.Rh1c1 Rc8xc5
{ time. }
1-0